000 00967nam a2200277 a 4500
001 51642
003 BD-RjUL
005 20211209075707.0
008 160831s1978 nyua b 001 0 eng
020 _a0471015202
035 _aBD-RjUL 51762
040 _aDLC
_cDLC
_beng
_dBD-RjUL
041 _aeng
082 _223
_a519.5
_bLES 1978
100 1 _aLeamer, Edward E.
_9154374
245 1 0 _aSpecification searches :
_bad hoc inference with nonexperimental data /
_cEdward E. Leamer
260 _aNew York ;
_aChichester :
_bWiley,
_cc1978
300 _axiii, 370 p. :
_bill ;
_c24 cm
490 1 _aWiley series in probability and mathematical statistics. Applied probability and statistics.
500 _a"A Wiley-Interscience publication."
500 _aIncludes index
504 _aBibliography: p. 350-366
650 0 _aMathematical statistics.
_9154375
830 0 _aWiley series in probability and mathematical statistics.
_9158637
942 _2ddc
_cBK
999 _c51642
_d51642